00270nam a2200097Ia 4500008004000000082001600040100002500056245005900081260002000140300001200160210210b1967 xxu||||| |||| 00| 0 eng d a341.23 STEL aSTEVENSON (Adlai E). aLooking outward years of crisis at the united nations. aMadras.bc1967 axvi,274